Name a Country Starting with the First Two Letters - Statistics

General Stats
  • This quiz has been taken 85 times
  • The average score is 87 of 104
Answer Stats
Start Country % Correct
Af Afghanistan
100%
Al Albania / Algeria
100%
Ar Argentina / Armenia
100%
Au Australia / Austria
98%
Bo Bolivia / Bosnia and Herzegovina / Botswana
97%
Ca Cambodia / Cameroon / Canada / Cape Verde
97%
Ch Chad / Chile / China
97%
Be Belarus / Belgium / Belize / Benin
95%
De Democratic Republic of the Congo / Denmark
95%
An Andorra / Angola / Antigua and Barbuda
93%
Az Azerbaijan
93%
Bh Bhutan
93%
Co Colombia / Comoros / Costa Rica
93%
Cz Czech Republic
93%
Ba Bahamas / Bahrain / Bangladesh / Barbados
91%
Cr Croatia
91%
Cy Cyprus
91%
Fr France
91%
In India / Indonesia
91%
Qa Qatar
91%
Un United Arab Emirates / United Kingdom / United States
91%
Ye Yemen
91%
Br Brazil / Brunei
90%
Bu Bulgaria / Burkina Faso / Burundi
90%
Dj Djibouti
90%
Es Estonia / Eswatini
90%
Fi Fiji / Finland
90%
It Italy
90%
Ja Jamaica / Japan
90%
Li Liberia / Libya / Liechtenstein / Lithuania
90%
Rw Rwanda
90%
Za Zambia
90%
Zi Zimbabwe
90%
Ec Ecuador
88%
Gh Ghana
88%
Ir Iran / Iraq / Ireland
88%
Jo Jordan
88%
Om Oman
88%
Pa Pakistan / Palau / Panama / Papua New Guinea / Paraguay
88%
Po Poland / Portugal
88%
Th Thailand
88%
Ug Uganda
88%
El El Salvador
86%
Eq Equatorial Guinea
86%
Ge Georgia / Germany
86%
Gr Greece / Grenada
86%
Gu Guatemala / Guinea / Guinea-Bissau / Guyana
86%
Ic Iceland
86%
Ma Madagascar / Malawi / Malaysia / Maldives / Mali / Malta / Marshall Islands / Mauritania / Mauritius
86%
Mo Moldova / Monaco / Mongolia / Montenegro / Morocco / Mozambiqe
86%
Sp Spain
86%
Sw Sweden / Switzerland
86%
Ta Taiwan / Tajikistan / Tanzania
86%
Tu Tunisia / Turkey / Turkmenistan / Tuvalu
86%
Ur Uruguay
86%
Uz Uzbekistan
86%
Ve Venezuela
86%
Ho Honduras
84%
Ke Kenya
84%
La Laos / Latvia
84%
No North Korea / North Macedonia / Norway
84%
Ro Romania
84%
Su Sudan / Suriname
84%
Uk Ukraine
84%
Va Vanuatu / Vatican City
84%
Do Dominica / Dominican Republic
83%
Hu Hungary
83%
Ka Kazakhstan
83%
Ni Nicaragua / Niger / Nigeria
83%
Sr Sri Lanka
83%
Et Ethiopia
81%
Ha Haiti
81%
Na Namibia / Nauru
81%
Pe Peru
81%
Sl Slovakia / Slovenia
81%
So Solomon Islands / Somalia / South Africa / South Korea / South Sudan
81%
Sy Syria
81%
Ea East Timor
79%
My Myanmar
79%
Ph Philippines
79%
Ru Russia
79%
Sa Saint Kitts and Nevis / Saint Lucia / Saint Vincent and the Grenadines / Samoa / San Marino / São Tomé and Príncipe / Saudi Arabia
79%
Se Senegal / Serbia / Seychelles
79%
To Togo / Tonga
79%
Cu Cuba
78%
Ne Nepal / Netherlands / New Zealand
78%
Ga Gabon / Gambia
76%
Is Israel
76%
Le Lebanon / Lesotho
76%
Vi Vietnam
76%
Eg Egypt
74%
Er Eritrea
74%
Ku Kuwait
72%
Ki Kiribati
71%
Iv Ivory Coast
69%
Ko Kosovo
69%
Ky Kyrgyzstan
69%
Si Sierra Leone / Singapore
69%
Tr Trinidad and Tobago
69%
Lu Luxembourg
67%
Me Mexico
64%
Re Republic of the Congo
60%
Ce Central African Republic
52%
Fe Federated States of Micronesia
48%
No matching quizzes found
Score Distribution
Percent of People with Each Score
Percentile by Number Answered
Your Score History
You have not taken this quiz